[Event "Oslo Elitecup"]
[Site "Oslo NOR"]
[Date "1991.??.??"]
[Round "5"]
[White "Djurhuus, Rune"]
[Black "Tisdall, Jonathan D"]
[Result "0-1"]
[WhiteElo "2400"]
[BlackElo "2435"]
[PlyCount "62"]
[EventDate "1991.??.??"]
[Source "www.chesslib.no"]
[SourceDate "2004.05.04"]

1. d4 Nf6 2. f3 d5 3. Bg5 h6 4. Bh4 c5 5. c3 Nc6 6. dxc5 e6 7. Bf2 Nd7 8. b4 a5 9. b5 Nce5 10. e3 Bxc5 11. Nd2 Qb6 12. Qe2 a4 13. f4 Ng6 14. Ngf3 O-O 15. g4 Nf6 16. Rg1 Ne4 17. Nxe4 dxe4 18. Ne5 Nxe5 19. fxe5 Qc7 20. Bg3 Bb6 21. Rc1 Qc5 22. Rc2 Bd7 23. Rg2 Rac8 24. h4 f6 25. exf6 Rxf6 26. Rf2 Bxb5 27. Qxb5 Qxe3+ 28. Kd1 Rxf2 29. Rxf2 Qxc3 30. Rd2 e3 31. Rb2 e2+ 0-1

[Event "Orel"]
[Site "?"]
[Date "1998.??.??"]
[Round "12"]
[White "Mirzoian Mikhail"]
[Black "Mochalov Evgeny V"]
[Result "1/2-1/2"]
[WhiteElo "2355"]
[BlackElo "2430"]
[PlyCount "36"]
[EventDate "1998.??.??"]
[Source "www.chesslib.no"]
[SourceDate "2004.05.04"]

1. d4 Nf6 2. f3 d5 3. Nd2 Nc6 4. c3 e5 5. e3 exd4 6. exd4 Bf5 7. Ne2 Bd6 8. Ng3 Bg6 9. Be2 O-O 10. O-O Ne7 11. Re1 c6 12. Ndf1 h6 13. Be3 Qc7 14. Bd3 Rae8 15. Qd2 Bxd3 16. Qxd3 Ng6 17. Nf5 Bf4 18. Bf2 Qd7 1/2-1/2

[Event "Andorra la Vella op 20th"]
[Site "Andorra la Vella"]
[Date "2002.07.12"]
[Round "7"]
[White "Argandona Rivero, Inigo"]
[Black "De la Villa Garcia, Jesus Maria"]
[Result "0-1"]
[WhiteElo "2286"]
[BlackElo "2441"]
[PlyCount "98"]
[EventDate "2002.07.06"]
[Source "ChessBase"]
[SourceDate "2002.09.11"]

1. d4 Nf6 2. f3 d5 3. e4 c5 4. e5 Nfd7 5. c3 Qb6 6. a3 Nc6 7. Ne2 a5 8. a4 e6 9. f4 f6 10. Ra3 Be7 11. Rb3 Qd8 12. g3 Nb6 13. Rb5 cxd4 14. cxd4 Bd7 15. Nec3 Nb4 16. Na3 O-O 17. h4 Kh8 18. Be2 Bxb5 19. Naxb5 Nc8 20. O-O Na7 21. Nxa7 Rxa7 22. Bd2 Ra8 23. Nb5 Rc8 24. Bxb4 axb4 25. Bd3 f5 26. Bc2 g6 27. Bb3 h6 28. Kf2 Kg7 29. Ke3 Rg8 30. Rg1 g5 31. Qh5 Qe8 32. Qxe8 Rgxe8 33. h5 Kf7 34. Na7 Ra8 35. Nb5 gxf4+ 36. Kxf4 Rg8 37. Kf3 Rac8 38. Na7 Rcd8 39. Nb5 Rg5 40. Rh1 Rdg8 41. Rh3 Rg4 42. Bd1 Rc8 43. Ke3 Rg5 44. b3 Rc1 45. Kd2 Ra1 46. Nc7 Rg8 47. Nb5 Ra2+ 48. Ke3 Rg2 49. Bf3 Bg5+ 0-1

[Event "Corr"]
[Site "?"]
[Date "2002.05.01"]
[Round "?"]
[White "Sanchez Rodenas Antonio (ESP)"]
[Black "Staf Gunnar (SWE)"]
[Result "1/2-1/2"]
[WhiteElo "2343"]
[BlackElo "2338"]
[PlyCount "94"]
[EventDate "2002.??.??"]
[Source "www.chesslib.no"]
[SourceDate "2004.05.04"]

1. d4 Nf6 2. f3 d5 3. e4 e6 4. e5 Nfd7 5. f4 c5 6. c3 Nc6 7. Nf3 Qb6 8. Be2 Be7 9. O-O f6 10. Kh1 O-O 11. b3 cxd4 12. cxd4 fxe5 13. dxe5 Nf6 14. Nc3 Ng4 15. Qe1 a6 16. Bd3 Nb4 17. Bb1 Bd7 18. Qg3 Nh6 19. Rd1 Rac8 20. Bb2 Rf7 21. Nd4 Bc5 22. Nce2 a5 23. a3 Nc6 24. Nxc6 bxc6 25. Qd3 g6 26. Qh3 Kg7 27. Bc2 Rcf8 28. Bc1 Nf5 29. Bxf5 gxf5 30. Rb1 Rb8 31. Nc3 Be7 32. Be3 Qc7 33. Na4 Bxa3 34. Bc5 Bb4 35. Rbc1 Qd8 36. Rd4 Kh8 37. Rxb4 axb4 38. Bd6 Rb5 39. Qe3 Rg7 40. Qd2 Qa5 41. Qd4 h6 42. Ra1 Kh7 43. Nc5 Qd8 44. Ra7 Qe8 45. Qf2 Bc8 46. Ra8 Rg4 47. h3 Rg8 1/2-1/2

[Event "Dubai op"]
[Site "?"]
[Date "2002.04.23"]
[Round "7"]
[White "Abbasifar Hasan"]
[Black "Ghane Gardeh Shojaat"]
[Result "0-1"]
[WhiteElo "2272"]
[BlackElo "2404"]
[PlyCount "58"]
[EventDate "2002.??.??"]
[Source "www.chesslib.no"]
[SourceDate "2004.05.04"]

1. d4 Nf6 2. f3 e6 3. e4 d5 4. Nc3 c5 5. Bg5 Be7 6. e5 Nfd7 7. Bxe7 Qxe7 8. Nb5 O-O 9. Nc7 Nc6 10. Nxa8 cxd4 11. f4 f6 12. exf6 Nxf6 13. a3 e5 14. fxe5 Ng4 15. Nf3 Ne3 16. Qe2 Bg4 17. h3 Bxf3 18. gxf3 Nxe5 19. Bg2 Ng6 20. Kd2 Nf4 21. Qf2 Nfxg2 22. Rhg1 Nf4 23. Rge1 Rxa8 24. Rac1 Nc4+ 25. Kd1 Nxb2+ 26. Kd2 Nc4+ 27. Kd1 Ne3+ 28. Kd2 Qxa3 29. Rxe3 dxe3+ 0-1

[Event "Heart of Finland op"]
[Site "?"]
[Date "2002.??.??"]
[Round "4"]
[White "Pyylampi Sauli"]
[Black "Aseev Konstantin N"]
[Result "0-1"]
[WhiteElo "2099"]
[BlackElo "2575"]
[PlyCount "66"]
[EventDate "2002.??.??"]
[Source "www.chesslib.no"]
[SourceDate "2004.05.04"]

1. d4 Nf6 2. f3 d5 3. Bg5 c5 4. e3 Nc6 5. c3 e6 6. Nd2 Bd6 7. Ne2 h6 8. Bh4 e5 9. dxc5 Bxc5 10. Bf2 Qb6 11. Qb3 Bxe3 12. Qxb6 Bxb6 13. Bxb6 axb6 14. Ng3 Be6 15. a3 Nd7 16. Bd3 g6 17. O-O f5 18. Rfe1 Kf7 19. c4 d4 20. b4 Ra7 21. Reb1 Rha8 22. Rb3 Ra4 23. h4 Nxb4 24. Bb1 Na6 25. h5 Nac5 26. hxg6+ Kxg6 27. Rb5 Rxa3 28. Rxa3 Rxa3 29. Kh2 h5 30. Ngf1 h4 31. g4 hxg3+ 32. Nxg3 Na4 33. Rb2 Nxb2 0-1

[Event "Sant Cebria op"]
[Site "?"]
[Date "1998.??.??"]
[Round "?"]
[White "Molina Morena Antonio"]
[Black "Ortega Lexy"]
[Result "1-0"]
[WhiteElo "2190"]
[BlackElo "2475"]
[PlyCount "59"]
[EventDate "1998.??.??"]
[Source "www.chesslib.no"]
[SourceDate "2004.05.04"]

1. d4 Nf6 2. f3 d5 3. Nc3 e6 4. e3 Bd6 5. Bb5+ c6 6. Bd3 O-O 7. a3 c5 8. Bd2 Nc6 9. dxc5 Bxc5 10. Na4 Be7 11. Nh3 Bd7 12. Qe2 a6 13. O-O Ne5 14. Nc3 Nxd3 15. cxd3 Bc5 16. d4 Ba7 17. Kh1 Ne8 18. f4 f5 19. Ng5 h6 20. Qh5 Nf6 21. Qh3 hxg5 22. fxg5 Ne4 23. g6 Rf6 24. Qh7+ Kf8 25. Qh8+ Ke7 26. Qxg7+ Kd6 27. Nxe4+ dxe4 28. Rac1 Bb5 29. Bb4+ Kd5 30. Qxb7+ 1-0

[Event "Hamburg op"]
[Site "Hamburg"]
[Date "1981.??.??"]
[Round "2"]
[White "Szenetra, Werner"]
[Black "Schneider, Lars Ake"]
[Result "0-1"]
[WhiteElo "2235"]
[BlackElo "2410"]
[PlyCount "106"]
[EventDate "1981.07.??"]
[Source "ChessBase"]

1. d4 Nf6 2. f3 d5 3. e4 e6 4. e5 Nfd7 5. Be3 c5 6. c3 Nc6 7. Nh3 Qb6 8. Qd2 cxd4 9. cxd4 Ndxe5 10. dxe5 d4 11. Bf2 Bb4 12. Nc3 dxc3 13. bxc3 Qa5 14. Rc1 Qxe5+ 15. Be2 Bc5 16. O-O O-O 17. f4 Bxf2+ 18. Nxf2 Qc5 19. Kh1 b6 20. Ne4 Qe7 21. Bd3 Bb7 22. Rce1 Rad8 23. Qe3 Qh4 24. Ng5 g6 25. Be4 Na5 26. Bxb7 Nxb7 27. Qe5 Nc5 28. Qe2 Rd5 29. c4 Rd7 30. g3 Qh6 31. Rd1 Rfd8 32. Rxd7 Rxd7 33. Rd1 Rxd1+ 34. Qxd1 Qf8 35. Nf3 Qa8 36. Kg1 Qe4 37. Ne5 Qe3+ 38. Kg2 Ne4 39. Qd8+ Kg7 40. Kh3 Qe2 41. Ng4 Nf2+ 42. Nxf2 Qxf2 43. Qc7 h5 44. Qe5+ Kh7 45. Qf6 Kg8 46. Kh4 Qxa2 47. Kg5 Qa3 48. Qd8+ Qf8 49. Qd7 Kg7 50. Kh4 Qc5 51. Qxa7 Qf5 52. Qa1+ f6 53. Qd1 Kh6 0-1

[Event "Corr"]
[Site "?"]
[Date "2001.10.25"]
[Round "?"]
[White "Bocanegra Moreno Rufino (ESP)"]
[Black "Krajnc Leon (SLO)"]
[Result "1-0"]
[WhiteElo "2346"]
[BlackElo "2286"]
[PlyCount "59"]
[EventDate "2001.??.??"]
[Source "www.chesslib.no"]
[SourceDate "2004.05.04"]

1. d4 Nf6 2. f3 d5 3. Nc3 c5 4. e4 dxe4 5. d5 exf3 6. Nxf3 a6 7. a4 Nbd7 8. Qe2 Nb6 9. Bg5 Qd6 10. O-O-O h6 11. Bxf6 Qxf6 12. a5 Qf4+ 13. Kb1 Nd7 14. g3 Qb4 15. Bh3 Nf6 16. Bxc8 Rxc8 17. d6 Rd8 18. dxe7 Bxe7 19. Rxd8+ Kxd8 20. Rd1+ Ke8 21. Qe5 Qxa5 22. Re1 Qd8 23. Nh4 Kf8 24. Nf5 b6 25. Nxe7 Ng4 26. Qf5 Nf6 27. Ncd5 Nxd5 28. Nxd5 g6 29. Qe5 Rh7 30. Nf6 1-0

[Event "Thessaloniki tt"]
[Site "?"]
[Date "1997.??.??"]
[Round "3"]
[White "Oreopoulos Konstantinos"]
[Black "Tzermiadianos Andreas"]
[Result "0-1"]
[WhiteElo "2240"]
[BlackElo "2370"]
[PlyCount "69"]
[EventDate "1997.??.??"]
[Source "www.chesslib.no"]
[SourceDate "2004.05.04"]

1. d4 Nf6 2. f3 g6 3. e4 d6 4. Bg5 Bg7 5. Qd2 Nbd7 6. a4 c5 7. d5 h6 8. Be3 a6 9. Ne2 Ne5 10. Nec3 e6 11. dxe6 Bxe6 12. Na3 d5 13. exd5 Nxd5 14. Nxd5 Qxd5 15. Qxd5 Bxd5 16. O-O-O O-O-O 17. Bxc5 h5 18. Bd3 h4 19. h3 Rhe8 20. Bf2 Bf6 21. Rhe1 Bg5+ 22. Kb1 f5 23. Bf1 Bf7 24. c4 Rxd1+ 25. Rxd1 Be7 26. Ka2 g5 27. b3 g4 28. fxg4 fxg4 29. Bd4 Nc6 30. Bc3 gxh3 31. gxh3 Bg6 32. Re1 Rf8 33. Nb1 Rf2+ 34. Nd2 Bg5 35. Be2 0-1

[Event "Catalunya-chT"]
[Site "?"]
[Date "1998.??.??"]
[Round "8"]
[White "Canal Oliveras Joan"]
[Black "Padros Simon Antoni"]
[Result "0-1"]
[WhiteElo "2250"]
[BlackElo "2315"]
[PlyCount "124"]
[EventDate "1998.??.??"]
[Source "www.chesslib.no"]
[SourceDate "2004.05.04"]

1. d4 Nf6 2. f3 d5 3. e4 e6 4. Bd3 c5 5. c3 Nc6 6. Ne2 Be7 7. Na3 O-O 8. e5 Nd7 9. O-O Qb6 10. Kh1 Re8 11. Bb1 Nf8 12. Nc2 cxd4 13. cxd4 Bd7 14. f4 f5 15. g4 g6 16. Rg1 Kh8 17. Qf1 Nb4 18. Nxb4 Bxb4 19. a4 Re7 20. Be3 Rf7 21. gxf5 exf5 22. Ba2 Bc6 23. Nc3 Rd7 24. Qh3 Re8 25. Rg2 Qd8 26. Rag1 Re6 27. Qxf5 Rg7 28. Qh3 Ree7 29. f5 Rxe5 30. Bg5 Qd7 31. Bf6 Rxf5 32. Bxg7+ Kxg7 33. Bb3 Rf7 34. Qxd7 Nxd7 35. Ba2 Nf6 36. Rf1 Rd7 37. Rgf2 Ng4 38. Rf4 Nh6 39. Re1 Nf5 40. Re6 Kf7 41. Re2 Bd6 42. Rf1 Kg7 43. Rd1 Be7 44. Bb1 Nh6 45. Kg2 a5 46. Bc2 Ng8 47. Kf3 Nf6 48. Ke3 Bd6 49. Kd3 Nh5 50. Rf2 Nf4+ 51. Kd2 Nh5 52. Rdf1 g5 53. Rf5 h6 54. R1f2 Bf4+ 55. Ke2 Bc1 56. Nd1 Nf4+ 57. Kf3 Ne6 58. Kg4 Nxd4 59. Re5 Bf4 60. Re8 Rf7 61. Rd8 Nxc2 62. Rxc2 Bxa4 0-1

[Event "Orense op 9th"]
[Site "?"]
[Date "2000.07.15"]
[Round "8"]
[White "Argandona Rivero Inigo"]
[Black "Garcia Carbo Marcial"]
[Result "1-0"]
[WhiteElo "2250"]
[BlackElo "2309"]
[PlyCount "51"]
[EventDate "2000.??.??"]
[Source "www.chesslib.no"]
[SourceDate "2004.05.04"]

1. d4 Nf6 2. f3 d5 3. e4 e6 4. e5 Nfd7 5. c3 c5 6. Be3 Nc6 7. Qd2 cxd4 8. cxd4 Nb6 9. Nc3 Nc4 10. Bxc4 dxc4 11. Nge2 Bb4 12. O-O O-O 13. Bg5 Qb6 14. Kh1 Re8 15. Rad1 h6 16. Bxh6 gxh6 17. Qxh6 f5 18. exf6 Qc7 19. Qg5+ Kf8 20. Qh6+ Kg8 21. Qg6+ Kf8 22. Nf4 Nd8 23. Qh6+ Kg8 24. Qg5+ Kf8 25. Ng6+ Kf7 26. Nb5 1-0

[Event "IRI-ch"]
[Site "Tehran"]
[Date "2002.07.31"]
[Round "6"]
[White "Abbasifar, Hasan"]
[Black "Mohammadi, HR."]
[Result "1-0"]
[WhiteElo "2282"]
[BlackElo "2272"]
[PlyCount "81"]
[EventDate "2002.07.28"]
[Source "ChessBase"]
[SourceDate "2002.09.11"]

1. d4 Nf6 2. f3 d5 3. e4 e6 4. e5 Nfd7 5. f4 c5 6. c3 Qb6 7. Nf3 Nc6 8. Na3 Be7 9. Nc2 O-O 10. Bd3 f6 11. exf6 Nxf6 12. O-O Bd6 13. dxc5 Bxc5+ 14. Kh1 Bd6 15. Qe1 Qc7 16. Qh4 Ne7 17. g4 g6 18. Ncd4 Nc6 19. Nb5 Qe7 20. Bd2 Ne4 21. Bxe4 dxe4 22. Nxd6 Qxd6 23. Ng5 Qe7 24. Rae1 Nd8 25. Rxe4 b6 26. Kg1 Bb7 27. Re5 Rc8 28. Be3 Rc7 29. Bd4 Qd7 30. f5 Qc6 31. Rf3 exf5 32. gxf5 Rg7 33. Ree3 Rd7 34. f6 h5 35. Re7 Nf7 36. Qg3 Nh6 37. f7+ Nxf7 38. Re6 Rd6 39. Re7 Rd7 40. Ne6 Qe4 41. Rxd7 1-0

[Event "Corr"]
[Site "?"]
[Date "2002.06.15"]
[Round "?"]
[White "Bocanegra Moreno Rufino (ESP)"]
[Black "Guido Angel Pablo (ARG)"]
[Result "1/2-1/2"]
[WhiteElo "2327"]
[BlackElo "2160"]
[PlyCount "37"]
[EventDate "2002.??.??"]
[Source "www.chesslib.no"]
[SourceDate "2004.05.04"]

1. d4 Nf6 2. f3 e6 3. e4 d5 4. e5 Nfd7 5. c3 c5 6. Be3 Nc6 7. Qd2 cxd4 8. cxd4 Bb4 9. Nc3 Ndxe5 10. dxe5 d4 11. Bxd4 Qxd4 12. Qxd4 Nxd4 13. Rd1 Nc6 14. f4 Bxc3+ 15. bxc3 Bd7 16. Nf3 Rc8 17. Ng5 Rc7 18. Ne4 Ke7 19. h4 1/2-1/2

[Event "ESP-ch U20"]
[Site "Sevilha"]
[Date "2001.07.21"]
[Round "2"]
[White "Argandona Riveiro, Inigo"]
[Black "Lopez del Alamo, Antonio"]
[Result "1-0"]
[WhiteElo "2242"]
[BlackElo "2223"]
[PlyCount "62"]
[EventDate "2001.07.20"]
[Source "www.chesslib.no"]
[SourceDate "2004.05.04"]

1. d4 Nf6 2. f3 c5 3. d5 d6 4. e4 g6 5. Nc3 Bg7 6. Bg5 O-O 7. Qd2 a6 8. a4 Qa5 9. Rd1 Nbd7 10. h4 h5 11. g4 Re8 12. Be2 Qb4 13. Nh3 hxg4 14. fxg4 Nxe4 15. Nxe4 Qxe4 16. Nf2 Qd4 17. c3 Qxd2+ 18. Kxd2 Nb6 19. h5 Nxd5 20. Kc1 Be6 21. Bd3 gxh5 22. Rxh5 Nf6 23. Rh4 Bd5 24. Bd2 Nd7 25. Be4 Bxe4 26. Nxe4 Ne5 27. Rf1 b5 28. Ng3 e6 29. Nh5 Ng6 30. Rh3 Rad8 31. Bg5 Rc8 1-0

[Event "Australia op"]
[Site "Australia"]
[Date "1973.??.??"]
[Round "5"]
[White "Wilton, G."]
[Black "Bradley, C."]
[Result "1-0"]
[WhiteElo "2200"]
[BlackElo "2200"]
[PlyCount "47"]
[EventDate "1973.??.??"]
[Source "ChessBase"]

1. d4 Nf6 2. f3 d5 3. Nc3 Bf5 4. e4 dxe4 5. fxe4 Nxe4 6. Qf3 Nxc3 7. Qxf5 Qxd4 8. Qc8+ Qd8 9. Qxb7 Qd1+ 10. Kf2 Qxc2+ 11. Be2 Qf5+ 12. Bf3 Ne4+ 13. Qxe4 Qxe4 14. Bxe4 c6 15. Be3 e6 16. Rc1 Kd7 17. Nf3 Bd6 18. Bc5 Bxc5+ 19. Rxc5 f5 20. Rd1+ Kc7 21. Bxc6 Nxc6 22. Rdc1 Rac8 23. Rxc6+ Kd7 24. Ne5+ 1-0

[Event "Zemplen Cup op"]
[Site "?"]
[Date "1998.??.??"]
[Round "1"]
[White "Toth Jozsef"]
[Black "Sziraki Tamas"]
[Result "1-0"]
[WhiteElo "2090"]
[BlackElo "2300"]
[PlyCount "73"]
[EventDate "1998.??.??"]
[Source "www.chesslib.no"]
[SourceDate "2004.05.04"]

1. d4 Nf6 2. f3 d5 3. Nc3 Bf5 4. g4 Bg6 5. h4 h6 6. h5 Bh7 7. Bg2 e6 8. e4 dxe4 9. fxe4 Bb4 10. e5 Ne4 11. Nge2 Nc6 12. a3 Nxc3 13. bxc3 Be7 14. O-O O-O 15. Rb1 Na5 16. Ng3 c5 17. Ne4 cxd4 18. cxd4 Rc8 19. Rf2 f5 20. exf6 Bxf6 21. Nxf6+ Rxf6 22. Re2 e5 23. g5 Rd6 24. g6 Rxd4 25. Rd2 Bxg6 26. Rxd4 exd4 27. hxg6 Qf6 28. Qd3 Rf8 29. Qg3 Kh8 30. Bd2 Nc4 31. Rf1 Qd8 32. Rxf8+ Qxf8 33. Bf4 b5 34. Be5 Qc5 35. Qf3 d3+ 36. Kh1 Qc8 37. Bxg7+ 1-0

[Event "Corr"]
[Site "?"]
[Date "2004.02.05"]
[Round "?"]
[White "Leisebein Peter"]
[Black "Le Duigou Jean-Guy"]
[Result "1-0"]
[WhiteElo "2164"]
[BlackElo "2193"]
[PlyCount "59"]
[EventDate "2004.??.??"]
[Source "www.chesslib.no"]
[SourceDate "2004.05.04"]

1. d4 Nf6 2. f3 d5 3. e4 e6 4. e5 Nfd7 5. c3 c5 6. a3 Nc6 7. f4 Be7 8. Nf3 O-O 9. Bd3 f5 10. b4 cxd4 11. cxd4 Nb6 12. O-O Bd7 13. Be3 Qe8 14. Nbd2 Rc8 15. Qe2 Nb8 16. Rfc1 Ba4 17. Ng5 Rc6 18. Kh1 h6 19. Nh3 Qf7 20. g4 Rfc8 21. Rxc6 Rxc6 22. gxf5 exf5 23. Rg1 Bc2 24. Nf2 Bxd3 25. Nxd3 Nc4 26. Nxc4 Rxc4 27. Bc1 Bf8 28. e6 Qf6 29. b5 a6 30. Re1 1-0

[Event "Corr"]
[Site "?"]
[Date "1998.05.09"]
[Round "?"]
[White "Maciulewicz Christopher"]
[Black "Castillo German"]
[Result "1-0"]
[WhiteElo "2210"]
[BlackElo "2124"]
[PlyCount "57"]
[EventDate "1998.??.??"]
[Source "www.chesslib.no"]
[SourceDate "2004.05.04"]

1. d4 Nf6 2. f3 d5 3. Nc3 Bf5 4. g4 Bg6 5. g5 Ng8 6. e4 e6 7. Nge2 h6 8. exd5 hxg5 9. dxe6 fxe6 10. Rg1 Be7 11. Ne4 Bxe4 12. fxe4 Rxh2 13. Qd3 Nc6 14. Bd2 Nh6 15. O-O-O Nf7 16. Rg3 Qd7 17. Rh3 Rxh3 18. Bxh3 Qd6 19. Rf1 e5 20. Qb3 Bf6 21. d5 Ncd8 22. Qa4+ c6 23. Bb4 Qb8 24. Rd1 Be7 25. dxc6 Nxc6 26. Bxe7 Kxe7 27. Qa3+ Nd6 28. Nc3 Nd4 29. Qc5 1-0

[Event "Corr"]
[Site "?"]
[Date "2001.12.18"]
[Round "1"]
[White "Leisebein Peter"]
[Black "Noack Mario"]
[Result "1/2-1/2"]
[WhiteElo "2151"]
[BlackElo "2149"]
[PlyCount "33"]
[EventDate "2001.??.??"]
[Source "www.chesslib.no"]
[SourceDate "2004.05.04"]

1. d4 Nf6 2. f3 d5 3. e4 c5 4. e5 Nfd7 5. c3 Nc6 6. f4 cxd4 7. cxd4 Nb6 8. Bb5 Qc7 9. Nc3 a6 10. Bxc6+ Qxc6 11. Nge2 Bg4 12. O-O e6 13. a3 Be7 14. Qe1 O-O 15. Ng3 Rac8 16. h3 Bf5 17. Nxf5 1/2-1/2

[Event "Corr"]
[Site "?"]
[Date "2003.10.30"]
[Round "?"]
[White "Leisebein Peter"]
[Black "Graff John"]
[Result "1-0"]
[WhiteElo "2156"]
[BlackElo "2116"]
[PlyCount "173"]
[EventDate "2003.??.??"]
[Source "www.chesslib.no"]
[SourceDate "2004.05.04"]

1. d4 Nf6 2. f3 d5 3. e4 c5 4. e5 Nfd7 5. c3 e6 6. a3 Be7 7. f4 O-O 8. Nf3 b6 9. Bd3 Ba6 10. Bxa6 Nxa6 11. O-O Rc8 12. Be3 Nab8 13. Nbd2 Nc6 14. Qe2 c4 15. Ng5 Bxg5 16. fxg5 Ne7 17. Qg4 b5 18. Rf3 Re8 19. Raf1 Nf5 20. Qh5 Re7 21. Bf4 Qb6 22. R1f2 Nf8 23. Kh1 Rec7 24. Nf1 Ne7 25. Bc1 Nf5 26. g4 g6 27. Qh3 Ng7 28. Rf4 a5 29. Bd2 Ne8 30. Kg1 Re7 31. Qh6 Ng7 32. Qh4 Ne8 33. Ne3 Nc7 34. Nc2 Na6 35. Qh6 Nb8 36. Kh1 Nc6 37. R2f3 Rb8 38. Re3 Qc7 39. h4 Qd8 40. h5 Qe8 41. Rh3 Nd7 42. Kg2 Nb6 43. Rf6 Rbb7 44. Kf2 Na4 45. Bc1 Nb6 46. Ke1 Na4 47. Ne3 b4 48. axb4 axb4 49. Rhf3 Rb8 50. Nc2 b3 51. Ne3 Nxe5 52. dxe5 Nc5 53. Nd1 Nd3+ 54. Rxd3 cxd3 55. Nf2 Qa4 56. Rf4 d2+ 57. Bxd2 Qa1+ 58. Nd1 Qb1 59. hxg6 fxg6 60. Be3 Rc7 61. Qh2 Rxc3 62. bxc3 b2 63. Rb4 Rxb4 64. cxb4 Qxd1+ 65. Kxd1 b1=Q+ 66. Ke2 Qxb4 67. Qf4 Qc3 68. Kf3 Qc6 69. Kg3 Qc3 70. Kh4 Qa1 71. Bc5 Qe1+ 72. Bf2 Qh1+ 73. Kg3 Qa1 74. Qf6 Qc3+ 75. Kh4 Qc6 76. Qd8+ Kg7 77. Bd4 Qa6 78. Qd7+ Kg8 79. Qe8+ Kg7 80. Qe7+ Kg8 81. Qd7 Kh8 82. Qf7 Qc8 83. Kg3 Qd8 84. Qxe6 Kg7 85. Qc6 Qe7 86. e6+ Kg8 87. Qa8+ 1-0

[Event "Fide Mercenarios 1st"]
[Site "Mexico City MEX"]
[Date "1994.??.??"]
[Round "9"]
[White "Diaz Lombardo, Isidro"]
[Black "Guevara, Mario"]
[Result "1/2-1/2"]
[WhiteElo "2000"]
[BlackElo "2265"]
[PlyCount "110"]
[EventDate "1994.??.??"]
[Source "www.chesslib.no"]
[SourceDate "2004.05.04"]

1. d4 Nf6 2. f3 g6 3. e4 Bg7 4. Be3 O-O 5. Qd2 d6 6. Bc4 c6 7. h4 h5 8. Nc3 b5 9. Bb3 a5 10. a3 Na6 11. Nh3 Bd7 12. Nf4 Kh7 13. g4 e5 14. dxe5 dxe5 15. Nd3 Qe7 16. Ne2 c5 17. Bd5 Nxd5 18. exd5 e4 19. fxe4 Bxg4 20. O-O-O Bxe2 21. Qxe2 Qxe4 22. Rhe1 Qxd5 23. Nb4 Qe5 24. Nd3 Qe6 25. Nxc5 Nxc5 26. Bxc5 Qa2 27. c3 b4 28. axb4 axb4 29. Qc2 bxc3 30. bxc3 Bh6+ 31. Be3 Bxe3+ 32. Rxe3 Qc4 33. Rd4 Qf1+ 34. Kd2 Rfe8 35. Rxe8 Rxe8 36. Qd1 Qf2+ 37. Kd3 Re3+ 38. Kc4 Qa2+ 39. Qb3 Qa6+ 40. Kb4 Re6 41. Qa4 Rb6+ 42. Kc5 Kg7 43. Qxa6 Rxa6 44. Kb5 Ra1 45. c4 f6 46. c5 Rb1+ 47. Kc6 Kf7 48. Kd7 g5 49. c6 g4 50. Rc4 Rd1+ 51. Kc8 Ke7 52. c7 Rb1 53. Re4+ Kd6 54. Rc4 Ke7 55. Re4+ Kd6 1/2-1/2

[Event "Miercurea Ciuc"]
[Site "?"]
[Date "2002.08.23"]
[Round "7"]
[White "Sorbun Cristinel"]
[Black "Wilhelm Serge"]
[Result "1/2-1/2"]
[WhiteElo "2083"]
[BlackElo "2171"]
[PlyCount "39"]
[EventDate "2002.??.??"]
[Source "www.chesslib.no"]
[SourceDate "2004.05.04"]

1. d4 Nf6 2. f3 d5 3. e4 e6 4. Be3 dxe4 5. Nd2 Nd5 6. Qe2 Nxe3 7. Qxe3 c5 8. dxc5 Qa5 9. fxe4 Qxc5 10. Qxc5 Bxc5 11. O-O-O O-O 12. Ngf3 Nc6 13. Nb3 Be3+ 14. Kb1 Rd8 15. Bb5 Bd7 16. Rd3 Bb6 17. Rhd1 Be8 18. Rxd8 Rxd8 19. Rxd8 Bxd8 20. Nc5 1/2-1/2

[Event "Corr"]
[Site "?"]
[Date "2003.09.21"]
[Round "?"]
[White "Leisebein Peter"]
[Black "Futida Souitiro"]
[Result "1-0"]
[WhiteElo "2131"]
[BlackElo "2116"]
[PlyCount "61"]
[EventDate "2003.??.??"]
[Source "www.chesslib.no"]
[SourceDate "2004.05.04"]

1. d4 Nf6 2. f3 c5 3. d5 e6 4. c4 exd5 5. cxd5 d6 6. e4 Be7 7. Nc3 O-O 8. Nge2 a6 9. a4 Nh5 10. a5 Nd7 11. Kf2 Ne5 12. g4 Nf6 13. Ng3 Nfd7 14. Nf5 b5 15. axb6 Nxb6 16. Kg2 Re8 17. Nxe7+ Qxe7 18. h4 c4 19. h5 h6 20. Ra2 Rb8 21. Be3 Kh7 22. Be2 Qc7 23. Bd4 Kg8 24. f4 Nd3 25. Bxd3 cxd3 26. b3 Nd7 27. g5 Nc5 28. gxh6 Nxe4 29. Qxd3 Rxb3 30. Re2 f5 31. Qg3 1-0

[Event "Corr"]
[Site "?"]
[Date "2004.11.09"]
[Round "?"]
[White "Tew Paul"]
[Black "Cehajic Mustafa"]
[Result "1/2-1/2"]
[WhiteElo "2036"]
[BlackElo "2211"]
[PlyCount "54"]
[EventDate "2004.??.??"]
[Source "www.chesslib.no"]
[SourceDate "2004.05.04"]

1. d4 Nf6 2. f3 d5 3. e4 c5 4. e5 Nfd7 5. c3 e6 6. f4 Be7 7. Nf3 O-O 8. Be2 b6 9. O-O Ba6 10. Be3 Bxe2 11. Qxe2 Nc6 12. Nbd2 Qc7 13. b3 Rfc8 14. Rfc1 cxd4 15. Nxd4 Nxd4 16. Bxd4 Ba3 17. Rc2 a6 18. Qg4 a5 19. Nf3 a4 20. f5 Bc5 21. Re1 axb3 22. axb3 exf5 23. Qxf5 Nf8 24. Rf2 Ne6 25. Ref1 g6 26. Qg4 h5 27. Qh4 Be7 1/2-1/2

[Event "Corr"]
[Site "?"]
[Date "2001.??.??"]
[Round "?"]
[White "Fritsche Frank"]
[Black "Puschendorf Steffen"]
[Result "1-0"]
[WhiteElo "2257"]
[BlackElo "1965"]
[PlyCount "113"]
[EventDate "2001.??.??"]
[Source "www.chesslib.no"]
[SourceDate "2004.05.04"]

1. d4 Nf6 2. f3 d5 3. e4 e6 4. Be3 b6 5. e5 Nfd7 6. c3 c5 7. Bd3 Ba6 8. Bxa6 Nxa6 9. Ne2 Nc7 10. O-O Qc8 11. Nf4 Qa6 12. Qe1 Be7 13. Qg3 g6 14. Nd2 O-O 15. Rfe1 Rfc8 16. a3 cxd4 17. cxd4 Ne8 18. Qg4 Nf8 19. Rac1 Ng7 20. Nb1 Nf5 21. Nc3 Rc4 22. Rcd1 b5 23. Bf2 Qb7 24. Nce2 Rac8 25. Qh3 b4 26. g4 Ng7 27. b3 Rc2 28. a4 Rb2 29. Rb1 Rxb1 30. Rxb1 Qa6 31. Rd1 Nd7 32. Nd3 Rc2 33. Qf1 Nb8 34. Qe1 h5 35. Be3 hxg4 36. fxg4 Ne8 37. Qf1 Nc6 38. Qf3 Nd8 39. Bh6 Ng7 40. Re1 Qb6 41. Rf1 Rc3 42. a5 Qxa5 43. Nxc3 bxc3 44. Nc1 Qb4 45. Be3 a5 46. Qf2 g5 47. Qc2 a4 48. bxa4 Nc6 49. Qf2 Nd8 50. Na2 Qxa4 51. Nxc3 Qb3 52. Qd2 Nc6 53. Kg2 Bb4 54. Rc1 Ba3 55. Rb1 Qc4 56. Ra1 Qb4 57. Bxg5 1-0

[Event "Corr"]
[Site "?"]
[Date "2004.08.09"]
[Round "?"]
[White "Leisebein Peter"]
[Black "Malmstrom Jan"]
[Result "1-0"]
[WhiteElo "2173"]
[BlackElo "2039"]
[PlyCount "81"]
[EventDate "2004.??.??"]
[Source "www.chesslib.no"]
[SourceDate "2004.05.04"]

1. d4 Nf6 2. f3 d5 3. e4 e6 4. e5 Nfd7 5. c3 c5 6. a3 Be7 7. f4 O-O 8. Nf3 Nc6 9. Bd3 f5 10. b4 c4 11. Bc2 Qe8 12. a4 a6 13. Qe2 h6 14. h3 Qh5 15. Rg1 Kh8 16. Bd2 b6 17. Qf1 Rg8 18. g4 Qf7 19. gxf5 exf5 20. Qf2 Nf8 21. h4 Be6 22. Qh2 Ra7 23. h5 Nd8 24. Be3 Kh7 25. Ng5+ hxg5 26. fxg5 Kh8 27. g6 Qe8 28. Kd2 Bxb4 29. cxb4 Nc6 30. Nc3 Nxb4 31. h6 Nxg6 32. hxg7+ Kxg7 33. Rxg6+ Qxg6 34. Rg1 Kf8 35. Rxg6 Rxg6 36. Qh8+ Bg8 37. Bh6+ Ke8 38. Bxf5 Rg2+ 39. Ne2 Rf7 40. Be6 c3+ 41. Kxc3 1-0